000 00412nam a2200157 i 4500
001 64977
003 ES-MaACL
005 20230906165254.0
007 t|
008 040107s1968 sp ||||1| cat d
100 1 _aFoxonet, Emilio.
_952038
245 1 0 _aItinerari espiritual /
_cEmili Foxonet.
260 _aBarcelona :
_bDalmau,
_c[1968]
300 _a154 p. ;
_c19 cm.
852 _aES-MaACL
_jC-34242
_bR.65258
999 _c64977
_d64977